Montaigne: Páginas escogidas
Gespeichert in:
| 1. Verfasser: | |
|---|---|
| Weitere Verfasser: | |
| Format: | keine Angabe |
| Sprache: | Spanisch |
| Erschienen: |
Madrid
Saturnino Calleja
1917
|
| Katalog: | MANES: Suchergebnis im Bibliothekskatalog |
| Schulbuchspezifische Eigenschaften: |
|
| Tags: |
Tag hinzufügen
Keine Tags, Fügen Sie den ersten Tag hinzu!
|
| Hinzugefügt zu: | 26.04.2016 |
MARC
| LEADER | 000000000a22000000004500 | ||
|---|---|---|---|
| 001 | 17976 | ||
| 003 | OSt | ||
| 008 | 160427s sp ||||| |||| 00| 0 spa d | ||
| 041 | 1 | |a spa | |
| 040 | |c centro_manes | ||
| 691 | 0 | |a SE | |
| 100 | 1 | |a Diez Canedo, E. |b Autor |9 12989 | |
| 690 | 0 | |a HI | |
| 700 | 1 | |a Villey, P. |b Autor |9 12990 | |
| 245 | 0 | 0 | |a Montaigne: Páginas escogidas |
| 260 | 3 | |a Madrid |b Saturnino Calleja |c 1917 | |
| 300 | |a 364p |c 11 * 16 cm | ||
| 500 | |a ILUSTRACIONES: No contiene. ENCUADERNACIÓN: Cartoné. DESCRIPCIÓN CONTENIDO: Vida y obra de Montaigne, seleccionada y comentada por el autor. PALABRAS CLAVE: Texto de literatura francesa del siglo XVII. NéMERO EJEMPLARES: 1. Nº TOPOGRÁFICO: 2455. CONSERVACIÓN: Buena. |a nivel: Libro para el Bachillerato. | ||
| 942 | |2 ddc |c BK | ||
| 546 | |a España | ||
| 999 | |c 23945 |d 23945 | ||
| 999 | |c manes:23945 |d 23945 | ||